Which Asian Countries? - Statistics

General Stats
  • This quiz has been taken 187 times
  • The average score is 47 of 69
Answer Stats
Question Tile Select % Correct
Which of these countries are among top ten biggest countries by area in the world? Turkey No
96%
Which of these countries are among top ten biggest countries by area in the world? China Yes
95%
Which of these countries are among top ten biggest countries by area in the world? Pakistan No
91%
The capitals of which of these countries starts with the letter M? Afghanistan No
89%
Which of these countries are populated by more than 100 million people? China Yes
89%
Which of these countries are populated by more than 100 million people? India Yes
89%
Which of these countries border Iraq? Armenia No
88%
Which of these countries border Iraq? Iran Yes
88%
Which of these countries border Iraq? Israel No
88%
The capitals of which of these countries starts with the letter M? Azerbaijan No
87%
The capitals of which of these countries starts with the letter M? Turkmenistan No
87%
Which of these countries border Iraq? Lebanon No
86%
Which of these countries are among top ten biggest countries by area in the world? India Yes
84%
Which of these countries are populated by more than 100 million people? Turkey No
84%
Which of these countries has an average elevation of higher
than 1800 meters (3,280 feet)?
Turkey No
84%
Which countries has a majority Buddhist population? Bhutan Yes
83%
The capitals of which of these countries starts with the letter M? Brunei No
83%
The capitals of which of these countries starts with the letter M? Myanmar No
83%
Which of these countries are among top ten biggest countries by area in the world? Kazakhstan Yes
81%
Which of these countries border Iraq? Syria Yes
81%
Which of these countries are populated by more than 100 million people? Indonesia Yes
80%
Which of these countries are among top ten biggest countries by area in the world? Iran No
80%
The capitals of which of these countries starts with the letter M? Philippines Yes
79%
Which of these countries have at least one official European language? Cyprus Yes
78%
Which countries has a majority Buddhist population? Malaysia No
78%
Which of these countries has an average elevation of higher
than 1800 meters (3,280 feet)?
Nepal Yes
77%
Which countries has a majority Buddhist population? South Korea No
77%
Which of these countries has an average elevation of higher
than 1800 meters (3,280 feet)?
Azerbaijan No
76%
Which of these countries are populated by more than 100 million people? Bangladesh Yes
75%
Which of these countries have at least one official European language? Lebanon No
75%
Which of these countries are populated by more than 100 million people? Pakistan Yes
74%
Which of these countries are populated by more than 100 million people? Vietnam No
74%
Which of these countries are among top ten biggest countries by area in the world? Saudi Arabia No
73%
Through which countries does the Mekong river run? Vietnam Yes
72%
Which countries has a majority Buddhist population? Cambodia Yes
71%
Which of these countries are populated by more than 100 million people? Japan Yes
71%
Which of these countries border Iraq? Kuwait Yes
71%
Which of these countries have at least one official European language? Singapore Yes
71%
Which of these countries has an average elevation of higher
than 1800 meters (3,280 feet)?
Armenia No
70%
Through which countries does the Mekong river run? Cambodia Yes
70%
Which countries has a majority Buddhist population? Myanmar Yes
70%
Through which countries does the Mekong river run? Laos Yes
69%
Which of these countries has an average elevation of higher
than 1800 meters (3,280 feet)?
Bhutan Yes
68%
Which of these countries have at least one official European language? India Yes
68%
The capitals of which of these countries starts with the letter M? Maldives Yes
68%
Which of these countries are among top ten biggest countries by area in the world? Mongolia No
68%
Which of these countries are among top ten biggest countries by area in the world? Indonesia No
67%
The capitals of which of these countries starts with the letter M? Oman Yes
65%
Which of these countries border Iraq? Saudi Arabia Yes
65%
Through which countries does the Mekong river run? China Yes
63%
Which of these countries border Iraq? Turkey Yes
60%
The capitals of which of these countries starts with the letter M? Bahrain Yes
58%
Which of these countries are populated by more than 100 million people? Philippines Yes
57%
Which of these countries have at least one official European language? Philippines Yes
57%
Which of these countries border Iraq? Jordan Yes
54%
Which of these countries have at least one official European language? East Timor Yes
53%
Which of these countries has an average elevation of higher
than 1800 meters (3,280 feet)?
Kyrgyzstan Yes
50%
Which of these countries has an average elevation of higher
than 1800 meters (3,280 feet)?
Tajikistan Yes
49%
Which of these countries has an average elevation of higher
than 1800 meters (3,280 feet)?
Afghanistan Yes
48%
Which countries has a majority Buddhist population? Sri Lanka Yes
44%
Through which countries does the Mekong river run? Thailand Yes
43%
Which countries has a majority Buddhist population? Nepal No
41%
Which of these countries have at least one official European language? Kazakhstan Yes
37%
Which of these countries have at least one official European language? Pakistan Yes
32%
Which countries has a majority Buddhist population? Japan Yes
30%
Through which countries does the Mekong river run? Myanmar Yes
28%
Which of these countries has an average elevation of higher
than 1800 meters (3,280 feet)?
China Yes
27%
Which of these countries have at least one official European language? Kyrgyzstan Yes
26%
Which countries has a majority Buddhist population? Singapore Yes
20%
No matching quizzes found
Score Distribution
Percent of People with Each Score
Percentile by Number Answered
Your Score History
You have not taken this quiz